| 000 | 01392nam a22003977a 4500 | ||
|---|---|---|---|
| 003 | CHAP | ||
| 005 | 20220329134058.0 | ||
| 008 | 971013s1994 r 00010 d | ||
| 010 | _a15097 | ||
| 011 | _a16069 | ||
| 035 | _a20147 | ||
| 040 | _cCHAP | ||
| 090 | _aTesis | ||
| 100 | 0 | 0 |
_aGutiérrez Guzmán, Berta. _951719 |
| 245 | _aNitrógeno potecialmente mineralizable bajo diferentes intensidades de aclareo en rodales naturales de Pinus patula | ||
| 260 |
_aChapingo, Méx. : _bEl autor, _c1994 |
||
| 300 | _a72 h. | ||
| 502 | _aTesis (Ing. Forestal con orientación en Silvicultura) --UACH. División de Ciencias Forestales | ||
| 590 |
_aALEPH _b10 _c20130110 _lUCH01 _h1237 |
||
| 590 |
_aBATCH-UPD _b10 _c20130109 _lUCH01 _h2325 |
||
| 590 |
_aBATCH-UPD _b10 _c20130110 _lUCH01 _h0041 |
||
| 590 |
_aBATCH-UPD _b10 _c20130110 _lUCH01 _h1550 |
||
| 590 |
_aBATCH-UPD _b10 _c20130409 _lUCH01 _h1849 |
||
| 590 |
_aBATCH-UPD _b10 _c20130410 _lUCH01 _h0948 |
||
| 590 |
_aBATCH-UPD _b10 _c20130914 _lUCH01 _h1558 |
||
| 590 |
_aCONVERSION _b10 _c20130109 _lUCH01 _h1310 |
||
| 650 | 1 | 4 |
_aNitrógeno en plantas. _981476 |
| 650 | 1 | 4 |
_aPináceas _xAclareos. _988211 |
| 650 | 1 | 4 |
_aPináceas _xPoda. _988259 |
| 650 | 1 | 4 |
_aPinus patula. _988356 |
| 650 | 1 | 4 |
_aRodales. _998229 |
| 650 | 1 | 4 |
_aSuelos _xNitrógeno en. _9110451 |
| 901 | _aBK | ||
| 942 | _cTESIS | ||
| 949 |
_bBC _cTES _d-47037 _eTS1 _h30187 _i20147 _si |
||
| 999 |
_c15097 _d15097 |
||